|
|
|
|
| LEADER |
01732nam a2200289 a 4500 |
| 001 |
GR-Antirio1161 |
| 008 |
150420s2003 xxu g b 000 0 eng d |
| 020 |
|
|
|a 1402075944
|
| 040 |
|
|
|a GrPaTEI
|b gre
|c GR-PaULI
|
| 040 |
|
|
|a GrPaTEI
|b gre
|c GR-PaULI
|
| 082 |
|
0 |
|a 004.6
|2 22nd ed
|
| 245 |
0 |
0 |
|a System level design model with reuse of system IP /
|c edited by Patrizia Cavalloro ... [et al.].
|
| 260 |
|
|
|a Boston :
|b Kluwer Academic Publishers,
|c 2003
|
| 300 |
|
|
|a 211 σ. :
|b εικ.
|
| 504 |
|
|
|a Περιλαμβάνει βιβλιογραφικές παραπομπές.
|
| 650 |
|
0 |
|a Modularity (Engineering)
|
| 650 |
|
0 |
|a System design
|
| 650 |
|
0 |
|a Systems on a chip
|x Design and construction
|
| 700 |
1 |
|
|a Cavalloro, Patrizia
|
| 710 |
0 |
|
|a Kluwer Academic Publishers
|
| 942 |
|
|
|2 ddc
|
| 952 |
|
|
|0 0
|1 0
|2 ddc
|4 0
|6 004_600000000000000_SYS
|7 0
|9 263123
|a LISK-2
|b LISK-2
|c BSC
|d 2021-01-17
|e 24
|f 0
|g 0.00
|l 0
|o 004.6 SYS
|p 2430000007445
|r 2021-01-17 00:00:00
|t 1
|w 2021-01-17
|y BK15
|x 20150420 0 A.I. 1
|x GrPaTEI - Antirrio
|
| 952 |
|
|
|0 0
|1 0
|2 ddc
|4 0
|6 004_600000000000000_SYS
|7 0
|9 263124
|a LISK-2
|b LISK-2
|c BSC
|d 2021-01-17
|e 24
|f 0
|g 0.00
|l 0
|o 004.6 SYS
|p 2430000007446
|r 2021-01-17 00:00:00
|t 1
|w 2021-01-17
|y BK15
|x 20150420 0 A.I. 1
|x GrPaTEI - Antirrio
|
| 952 |
|
|
|0 0
|1 0
|2 ddc
|4 0
|6 004_600000000000000_SYS
|7 0
|9 263125
|a LISK-2
|b LISK-2
|c BSC
|d 2021-01-17
|e 24
|f 0
|g 0.00
|l 0
|o 004.6 SYS
|p 2430000007447
|r 2021-01-17 00:00:00
|t 1
|w 2021-01-17
|y BK15
|x 20150420 0 A.I. 1
|x GrPaTEI - Antirrio
|
| 952 |
|
|
|0 0
|1 0
|2 ddc
|4 0
|6 004_600000000000000_SYS
|7 0
|9 263126
|a LISK-2
|b LISK-2
|c BSC
|d 2021-01-17
|e 24
|f 0
|g 0.00
|l 0
|o 004.6 SYS
|p 2430000007448
|r 2021-01-17 00:00:00
|t 1
|w 2021-01-17
|y BK15
|x 20150420 0 A.I. 1
|x GrPaTEI - Antirrio
|
| 971 |
|
|
|a .b25709604
|b 01-10-20
|c 12-09-16
|
| 999 |
|
|
|c 151483
|d 151483
|